LEADER 01634nam a2200289 4500 001 000000340243 003 CaOOAMICUS 005 20200707153850.0 008 200519s2019 it 100 u ita r 020 $a978-88-331-3180-1 040 $aSeMil$bita 110 0 $aCentro Italiano di Studi di Storia e d'Arte.$0(OLS)http://semarc/name/111349 245 10$aVita religiosa al femminile, secoli 13.-14. :$bventiseiesimo convegno internazionale di studi : Pistoia, 19-21 maggio 2017 /$cCentro Italiano di Studi di Storia e d'Arte. 264 1$aPistoia :$bCentro Italiano di Studi di Storia e d'Arte ;$aRoma :$bViella,$c2019. 300 $aVII, 303 p. ;$c24 cm 500 $aIn testa al front.: Comune di Pistoia - Fondazione Cassa di Risparmio di Pistoia e Pescia 650 4$aDonna - Vita religiosa.$0(OLS)http://semarc/subject/33641 650 4$aVita religiosa.$0(OLS)http://semarc/subject/5429 830 0$aAtti dei convegni / Centro italiano di studi di storia e d'arte.$0(OLS)http://semarc/title/429252 850 $aSeMil 852 $aSeMil$W1$xVenegono$y1$m3G IV 412$j220088$B231360$CSeMilBibl$Z2$F231360 $81 961 $aBrambilla don Paolo - Omaggio 996 $6020$a978-88-331-3180-1$9(OLS)http://semarc/number/290341 996 $6245$aVita religiosa al femminile, secoli 13.-14. :$bventiseiesimo convegno internazionale di studi : Pistoia, 19-21 maggio 2017$9(OLS)http://semarc/title/429253 996 $6264$aPistoia :$bCentro Italiano di Studi di Storia e d'Arte$9(OLS)http://semarc/publisher/58975 996 $6264$aRoma :$bViella$9(OLS)http://semarc/publisher/31796 LEADER 00972nam a2200241 i 4500 001 000000044339 003 CaOOAMICUS 005 20130504000000.0 008 130504s1963 xx u000 u fre u 013 $a15509 040 $aSeMil$bita 100 1 $aRegamey, Pie-Raymond,$c.$0(OLS)http://semarc/name/22056 245 10$aPortrait spirituel du chrétien /$cP.-R. Regamey. 260 $aParis :$bLes Éditions du Cerf,$c1963. 300 $a532 p. ;$c23 cm. 490 0 $aCogitatio Fidei [Cerf]v9 650 4$aTeologia spirituale.$0(OLS)http://semarc/subject/719 830 0$aCogitatio Fidei ;$v9.$0(OLS)http://semarc/title/206 850 $aSeMil 852 $aSeMil$W1$xVenegono$y1$m2BA N 9$j10494$B10494$CSeMilBibl$Z2$F10494 $81 961 $aOmaggio: Ist. Reg. Lomb. Pastorale 996 $6245$aPortrait spirituel du chrétien$9(OLS)http://semarc/title/65553 996 $6260$aParis :$bLes Éditions du Cerf$9(OLS)http://semarc/publisher/29611